| 000 | 00770nam a2200205 i 4500 | ||
|---|---|---|---|
| 001 | 93725 | ||
| 003 | ES-MaACL | ||
| 005 | 20230906181313.0 | ||
| 007 | t| | ||
| 008 | 050418s1965 sp ||||1| spa d | ||
| 100 | 1 |
_aLópez García, Eloy. _973660 |
|
| 245 | 1 | 0 |
_aLocalizaciones digestivas de las reticulopatías _b: ponencia / _c[Eloy López García, Eloy Domínguez-Rodiño, D. Adame y Jesús Casas Carnicero]. |
| 260 |
_aOviedo : _b[s.n.], _c1965 ( _eEstella) |
||
| 300 |
_a83 p. : _bil. ; _c24 cm. |
||
| 700 | 1 |
_aDomínguez-Rodiño, Eloy. _945240 |
|
| 700 | 1 |
_aAdame, D. _918370 |
|
| 700 | 1 |
_aCasas Carnicero, Jesús. _936216 |
|
| 711 | 2 |
_aCongreso Español de Patología Digestiva y de la Nutrición ( _d1965. _cOviedo) _9358 |
|
| 852 |
_aES-MaACL _jC-28669 _bR.57352 |
||
| 999 |
_c93725 _d93725 |
||